000 00875nam a2200253Ia 4500
001 21988
005 20260320113331.0
008 260320s9999||||xx |||||||||||||| ||und||
020 _a9788420532561
041 _aESP
082 _a303.34
_bA49
100 _aÁlvarez de Mon Pan de Soraluce, Santiago,
_eAUT
245 0 _aEl mito del líder :
_bprofesionales, ciudadanos, personas : la sociedad alternativa
246 _a
_5
_b
260 _aMadrid :
_bPearson Educación,
_c2001
300 _axii, 174 páginas :
_b
_c25 cm.
_e
440 _a
_n
_v
650 _aCIS
653 _aProcesos sociales; Interacción social; Liderazgo
654 _aCHU
700 _aFernández de Pinedo, Miguel,
_cPRO
856 _uhttps://0u20fmsnu-y-https-research-ebsco-com.itmsp.museknowledge.com/c/qxo6us/search
_zVéase además: Base de datos EBSCOhost
942 _cLIB
_dJUS
_fTRC
_2ddc
_n
999 _c21988
_d21988